Digital image processing and analysis: Human and computer vision applications with CVIPtools (Record no. 308860)
[ view plain ]
| 000 -LEADER | |
|---|---|
| fixed length control field | 00592nam a22002057a 4500 |
| 005 - DATE & TIME | |
| control field | 20231106105847.0 |
| 008 - FIXED-LENGTH DATA ELEMENTS--GENERAL INFORMATION | |
| fixed length control field | 231106b |||||||| |||| 00| 0 eng d |
| 020 ## - ISBN | |
| International Standard Book Number | 9781439802052 |
| Price | Rs. 1695.00 |
| 040 ## - CATALOGING SOURCE | |
| Original cataloging agency | VIVEKANANDA LIBRARY |
| 082 ## - DDC NUMBER | |
| Classification number | 006.37 |
| Book Number | U1D |
| 100 ## - MAIN ENTRY--PERSONAL NAME | |
| Personal name | Umbaugh, Scott E |
| 245 ## - TITLE STATEMENT | |
| Title | Digital image processing and analysis: Human and computer vision applications with CVIPtools |
| 250 ## - EDITION STATEMENT | |
| Edition statement | 2nd |
| 260 ## - PUBLICATION, DISTRIBUTION, ETC. (IMPRINT) | |
| Place of publication, distribution, etc | Boca Raton |
| Name of publisher, distributor, etc | CRC Press |
| Date of publication, distribution, etc | 2014 |
| 300 ## - PHYSICAL DESCRIPTION | |
| Pages | xx, 955 |
| 650 ## - Subject | |
| Subject | Computer Vision |
| 650 ## - Subject | |
| Subject | Image Processing-Digital Techniques |
| 650 ## - Subject | |
| Subject | Mathematics |
| 942 ## - ADDED ENTRY ELEMENTS (KOHA) | |
| Koha item type | Books |
| Withdrawn status | Lost status | Source of classification or shelving scheme | Damaged status | Not for loan | Location (home branch) | Sublocation or collection (holding branch) | Date acquired | Koha issues (times borrowed) | Koha full call number | Accession No. | Koha date last seen | Koha item type |
|---|---|---|---|---|---|---|---|---|---|---|---|---|
| Dewey Decimal Classification | VIVEKANANDA LIBRARY | VIVEKANANDA LIBRARY | 06/11/2023 | 006.37 U1D | 415001 | 06/11/2023 | Books | |||||
| Dewey Decimal Classification | VIVEKANANDA LIBRARY | VIVEKANANDA LIBRARY | 06/11/2023 | 006.37 U1D | 415002 | 06/11/2023 | Books | |||||
| Dewey Decimal Classification | VIVEKANANDA LIBRARY | VIVEKANANDA LIBRARY | 06/11/2023 | 006.37 U1D | 415003 | 06/11/2023 | Books |
